| 000 | 00990nam a2200325 i 4500 | ||
|---|---|---|---|
| 001 | 000011133 | ||
| 003 | DO-SdBPM | ||
| 005 | 20250625095103.0 | ||
| 007 | ta | ||
| 008 | 091014s1983 dr 000 j spa d | ||
| 040 |
_aDO-SdBPM _bspa _cBPMSU _erda _d |
||
| 041 | _aspa | ||
| 082 | 4 |
_aRD863.44 _bP426p 1983 _222 |
|
| 100 | 1 |
_aPeralta Romero, Rafael, _d1948- _eautor _4aut. |
|
| 245 | 1 | 0 |
_aPunto por punto / _cRafael Peralta Romero. |
| 250 | _aPrimera edición | ||
| 264 | 1 |
_aSanto Domingo : _bColonial, _c1983. |
|
| 300 |
_a87 páginas ; _c18 cm. |
||
| 336 |
_atexto _btxt _2rdacontent |
||
| 337 |
_asin mediación _bn _2rdamedia |
||
| 338 |
_avolumen _bnc _2rdacarrier |
||
| 500 | _aIncluye datos biográficos del autor [página. 9] | ||
| 590 | _aInventariado, 2025/VM | ||
| 650 | 7 | _aCuentos dominicanos | |
| 650 | 7 | _aLiteratura dominicana. | |
| 650 | z | _aShort stories, Dominican | |
| 650 | z | _aDominican literature | |
| 910 | _aVMateo V. Control de calidad BPMSU | ||
| 942 |
_2ddc _cBK |
||
| 999 |
_c15213 _d15213 |
||